| 000 | 01198nam a2200301 a 4500 | ||
|---|---|---|---|
| 001 | 000005445 | ||
| 003 | DO-SdBNP | ||
| 005 | 20240418133918.0 | ||
| 008 | 090819s1993 es a 001 0 spa d | ||
| 020 | _a8400073827 | ||
| 040 |
_aDO-SdBNP _bspa _cBNPHU |
||
| 082 |
_a631.4 _bS989r _222 |
||
| 111 | 1 |
_aSymposium sobre la raña en España y Portugal. _d(25-30 de octubre de 1992 : _cMadrid) _915469 |
|
| 245 | 1 | 3 |
_aLa raña en España y Portugal / _ccoordinación Ascensión Pinilla. |
| 260 |
_aMadrid : _bCentro de Ciencia Medioambientes CSIC, _c1993. |
||
| 300 |
_a395 p. : _bil. ; _c30 cm. |
||
| 490 | 1 |
_aMonografía del centro de ciencias medioambienteles CSIC ; _v2 |
|
| 500 | _aIncluye tabla de contenido. | ||
| 650 | 4 |
_aEdalofogía _915470 |
|
| 650 | 4 |
_aGeomorfología _zEspaña _915471 |
|
| 650 | 4 |
_aEstratigrafía _xPlioceno _vCongresos, conferencias, etc. _915474 |
|
| 650 | 4 |
_aSedimentación _915475 |
|
| 651 | 4 |
_aEspaña _xSuelos _vCongresos, conferencias . etc. _915472 |
|
| 651 | 4 |
_aPortugal _vCongresos, conferencias, etc. _xSuelos _915473 |
|
| 700 | 1 |
_aPinilla, Ascensión _915476 |
|
| 830 | 0 |
_aMonografía del centro de ciencias medioambienteles CSIC ; _v2 _915477 |
|
| 942 |
_2ddc _cLBS1 |
||
| 999 |
_c5245 _d5245 |
||